<?xml version="1.0" encoding="UTF-8"?>
<collection xmlns="http://www.loc.gov/MARC21/slim">
 <record>
  <leader>00838cam a2200217 7i4500</leader>
  <controlfield tag="001">0000017815</controlfield>
  <controlfield tag="005">20140709090000.0</controlfield>
  <datafield tag="020" ind1="#" ind2="0">
   <subfield code="a">9679787877 </subfield>
  </datafield>
  <datafield tag="090" ind1="0" ind2="0">
   <subfield code="a">HD 53 </subfield>
   <subfield code="b">M239</subfield>
  </datafield>
  <datafield tag="245" ind1="0" ind2="0">
   <subfield code="a">Malaysia and the k-economy : </subfield>
   <subfield code="b">challenges, solutions and the road ahead  </subfield>
   <subfield code="c">by edited David N. Abdulai.</subfield>
  </datafield>
  <datafield tag="260" ind1="#" ind2="#">
   <subfield code="a">Subang Jaya: </subfield>
   <subfield code="b">Pelanduk, </subfield>
   <subfield code="c">2001.</subfield>
  </datafield>
  <datafield tag="300" ind1="#" ind2="#">
   <subfield code="a">200p.: </subfield>
   <subfield code="b">ill.; </subfield>
   <subfield code="c">22cm..</subfield>
  </datafield>
  <datafield tag="504" ind1="0" ind2="0">
   <subfield code="a">Includes bibliographical references and index</subfield>
  </datafield>
  <datafield tag="590" ind1="#" ind2="#">
   <subfield code="a">Pusat Pengajian Pembangunan Sosial dan Ekonomi</subfield>
  </datafield>
  <datafield tag="650" ind1="0" ind2="0">
   <subfield code="a">Information society -- </subfield>
   <subfield code="z">Malaysia. </subfield>
  </datafield>
  <datafield tag="650" ind1="0" ind2="0">
   <subfield code="a">Knowledge, Sociology of. </subfield>
  </datafield>
  <datafield tag="650" ind1="0" ind2="0">
   <subfield code="a">Knowledge management -- </subfield>
   <subfield code="x">Economic aspects. -- </subfield>
   <subfield code="z">Malaysia </subfield>
  </datafield>
  <datafield tag="650" ind1="0" ind2="0">
   <subfield code="a">Intellectual capital -- </subfield>
   <subfield code="z">Malaysia. </subfield>
  </datafield>
  <datafield tag="650" ind1="0" ind2="0">
   <subfield code="a">Learning -- </subfield>
   <subfield code="x">Economic aspects. </subfield>
  </datafield>
  <datafield tag="700" ind1="1" ind2="1">
   <subfield code="a">Abdulai, </subfield>
   <subfield code="h">David N. </subfield>
  </datafield>
  <datafield tag="999" ind1=" " ind2=" ">
   <subfield code="a">1100004247</subfield>
   <subfield code="b">Book</subfield>
   <subfield code="c">Open Shelf</subfield>
   <subfield code="e">KOLEKSI TERBUKA</subfield>
  </datafield>
 </record>
</collection>
